00000000cam 2200000zi 4500
0019.955419
003CaOODSP
00520251212163857
006m     o  d f      
007cr |n|||||||||
008250917e202511  oncbd   ob   f000 0 fre d
020 |a9780660790060
040 |aCaOODSP|bfre|erda|cCaOODSP
043 |an-cn-nf
0861 |aFs70-5/2025-067F-PDF
1001 |aTrueman, S., |eauteur.
24510|aRésultats de la pêche comparative du navire de la Garde côtière canadienne (NGCC) Teleost par rapport au NGCC John Cabot dans la région de Terre-Neuve-et-Labrador au printemps 2023 / |cS. Trueman, E. Novaczek, K. Silver et L. Wheeland.
264 1|aOttawa : |bSecrétariat canadien de consultation scientifique (SCCS), |cnovembre 2025
264 4|c©2025
300 |a1 ressource en ligne (iv, 116 pages) : |bcartes, graphiques.
336 |atexte|btxt|2rdacontent/fre
337 |ainformatique|bc|2rdamedia/fre
338 |aressource en ligne|bcr|2rdacarrier/fre
4901 |aDocument de recherche, |x2292-4272 ; |v2025/067
500 |aPublié aussi en anglais sous le titre : Results of comparative fishing between the Canadian Coast Guard Ship (CCGS) Teleost and the CCGS John Cabot in the Newfoundland and Labrador region in spring 2023.
504 |aComprend des références bibliographiques (page 7).
650 6|aInventaires ichtyologiques|zTerre-Neuve-et-Labrador|zAtlantique, Côte de l'.
650 6|aChalutage|zTerre-Neuve-et-Labrador.
7101 |aCanada. |bMinistère des pêches et des océans, |eorganisme de publication.
7102 |aSecrétariat canadien de consultation scientifique, |eorganisme de publication.
77508|tResults of comparative fishing between the Canadian Coast Guard Ship (CCGS) Teleost and the CCGS John Cabot in the Newfoundland and Labrador Region in spring 2023 / |w(CaOODSP)9.955418
830#0|aDocument de recherche (Secrétariat canadien de consultation scientifique)|v2025/067.|w(CaOODSP)9.503788
85640|qPDF|s9.87 Mo|uhttps://publications.gc.ca/collections/collection_2025/mpo-dfo/fs70-5/Fs70-5-2025-067-fra.pdf